000 00508nam a22001937a 4500
005 20150818104000.0
010 _aENG-113490
020 _c150.00
_a9350571013
020 _c150.00
_a9789350571019
035 _aEN-97022
037 _bDBAD/PUB
082 _aS
245 _aGreatest detective stories
260 _aNew Delhi
_bV&S Publishers
_c2015
270 _aF-216, Ansari Road, Daryaganj
_bNew Delhi
_e110002
300 _a189p.
_c22cm(pbk)
490 _aClassic series
942 _2ddc
_cEN
_mGRE
_hS
999 _c94961
_d94961